| 000 | 02029nam a2200349 i 4500 | ||
|---|---|---|---|
| 003 | DO-SdBNP | ||
| 005 | 20260505130852.0 | ||
| 007 | ta | ||
| 008 | 260226b2025 dr ||||| |||| 00| 0 spa d | ||
| 020 | _a9789945224450 | ||
| 040 |
_aDO-SdBNP _bspa _cBNPHU _erda |
||
| 041 | _aspa | ||
| 082 | 4 |
_aRD861.44 _bM516j _222 |
|
| 100 | 1 |
_aMejía Corcino, Roberto Antonio, _dautor _4aut. _989088 |
|
| 245 | 1 | 0 |
_aJugando a la poesía / _cRoberto Antonio Mejía Corcino. |
| 250 | _aPrimera edición | ||
| 264 | 4 |
_aSanto Domingo, República Dominicana : _bEditora Búho, _c©2025. |
|
| 300 |
_a143 páginas ; _c23 cm. |
||
| 336 |
_atexto _btxt _2rdacontent |
||
| 337 |
_asin mediación _bn _2rdamedia |
||
| 338 |
_avolumen _bnc _2rdacarrier |
||
| 490 | 0 | _aColección de Décimas | |
| 500 | _a"Las palabras se vuelven juego y el alma suspira en versos" | ||
| 500 | _aIncluye datos biográficos del autor en las solapas | ||
| 505 | _aI. Amo la poesía, 13 -- II. Es la hembra la que pica, 19 -- III. Sobre los mangos de Alix, 25 – IV. Cuando viene la tormenta, 31 -- V. Solo juego a la poesía, 36 -- VI. El maestro jubilado, 42 -- VII. El pueblo dominicano, 47 -- VIII. La décima se compone, 52 -- IX. Más y menos, 58 -- X. A quién pueda interesar, 64 --XI. Bálsamo para el dolor, 69 -- XII. Nadie sabe la respuesta, 74 XIII. Educación de calidad, 80 – XIV. El oficio de vivir, 86 – XV. Eso que importancia tienes, 91 – XVI. Algo para entretenerse, 96 – XVII. Qué es lo que está pasando, 100 -- XVIII. Un ratón escurridizo, 105 -- XIX. Dicen de los animales, 110 -- XX. ¡Caramba si usted supiera!, 115 -- XXI. Vamos a filosofar, 121 -- XXII. Los sabios de Calderón, 126 -- XXIII. Con una sorpresa dentro, 132 -- XXIV. Y ya para terminar, 137 | ||
| 590 | _aInventariado, 2026 /LP | ||
| 650 | 7 |
_aPoesía dominicana _2LEMB |
|
| 650 | 7 |
_aLiteratura dominicana _2LEMB |
|
| 700 | 1 |
_aMejía Corcino, Roberto Antonio, _eprologuista _4pr. _989089 |
|
| 910 | _aLP/Validado. Control de calidad MFF | ||
| 942 |
_2ddc _cLBS1 |
||
| 999 |
_c60394 _d60394 |
||